LEADER 01902nam2 22004093i 450 001 VAN0275420 005 20240620030902.288 017 70$2N$a9789811604751 100 $a20240424d2021 |0itac50 ba 101 $aeng 102 $aSG 105 $a|||| ||||| 200 1 $aˆ4: ‰Lie Algebras, Chevalley Groups, and Their Representations$fRamji Lal 210 $aSingapore$cSpringer$d2021 215 $axiv, 321 p.$cill.$d24 cm 410 1$1001VAN0108894$12001 $aInfosys Science Foundation Series$1210 $aCham [etc.]$cSpringer 461 1$1001VAN0123766$12001 $aAlgebra$fRamji Lal$1210 $aSingapore$cSpringer$d2017-2021$1215 $a4 volumi$cill.$d24 cm$v4 606 $a20-XX$xGroup theory and generalizations [MSC 2020]$3VANC019715$2MF 606 $a16-XX$xAssociative rings and algebras [MSC 2020]$3VANC019734$2MF 606 $a17-XX$xNonassociative rings and algebras [MSC 2020]$3VANC021290$2MF 606 $a00-XX$xGeneral and overarching topics; collections [MSC 2020]$3VANC025238$2MF 610 $aAlgebra$9KW:K 610 $aChevalley Groups$9KW:K 610 $aLie Algebras$9KW:K 610 $aRepresentation Theory$9KW:K 610 $aRoot systems$9KW:K 620 $aSG$dSingapore$3VANL000061 700 1$aLal$bRamji$3VANV095219$0767330 712 $aSpringer $3VANV108073$4650 801 $aIT$bSOL$c20240621$gRICA 856 4 $uhttps://doi.org/10.1007/978-981-16-0475-1$zE-book ? Accesso al full-text attraverso riconoscimento IP di Ateneo, proxy e/o Shibboleth 899 $aBIBLIOTECA DEL DIPARTIMENTO DI MATEMATICA E FISICA$1IT-CE0120$2VAN08 912 $fN 912 $aVAN0275420 950 $aBIBLIOTECA DEL DIPARTIMENTO DI MATEMATICA E FISICA$d08CONS e-Book 8481 $e08eMF8481 20240503 996 $aLie Algebras, Chevalley Groups, and Their Representations$94163987 997 $aUNICAMPANIA LEADER 01136nas# 22003013i 450 001 VAN00263793 005 20240806101513.259 017 70$20$a15213994 100 $a20230926a1823 |0itac50 ba 101 $ager 102 $aDE 105 $a|||| ||||| 110 $aaM||||||||| 200 1 $aAstronomische Nachrichten 207 $aVol. 1, fasc. 1 (1823)- 210 $aWeinheim$cWiley$d1823- 215 $avolumi 517 1$3VAN00263794$aAstronomical notes 620 $dWeinheim$3VANL000098 712 $aWiley $3VANV108092$4650 801 $aIT$bSOL$c20240906$gRICA 856 4 $uhttps://onlinelibrary.wiley.com/loi/15213994$zE-journal ? Accesso al full-text attraverso riconoscimento IP di Ateneo, proxy e/o Shibboleth 899 $aBIBLIOTECA DEL DIPARTIMENTO DI MATEMATICA E FISICA$1IT-CE0120$2VAN08$41996-$ce-journal ; 912 $fN 912 $aVAN00263793 950 $aBIBLIOTECA DEL DIPARTIMENTO DI MATEMATICA E FISICA$b081996-$d08DLOAD e-journal 159 $e08e-j159 20230926 996 $aAstronomische Nachrichten$92097993 997 $aUNICAMPANIA